Diseño de un sistema de evaluación de la calidad específico para empresas de transporte acuático
Guardado en:
| Hovedforfatter: | |
|---|---|
| Andre forfattere: | |
| Format: | Bog |
| Udgivet: |
[San José , Costa Rica]
1995
|
| Fag: | |
| Tags: |
Tilføj Tag
Ingen Tags, Vær først til at tagge denne postø!
|
MARC
| LEADER | 00000nam a2200000Ia 4500 | ||
|---|---|---|---|
| 003 | 007765 | ||
| 005 | 20221231144251.0 | ||
| 008 | 140114s1995 cr a m 000 ||s d | ||
| 040 | |c cru CEDI | ||
| 090 | |a TFG 3344 | ||
| 100 | |a De Gracia Núñez, Carlos Alberto |9 10584 | ||
| 245 | |a Diseño de un sistema de evaluación de la calidad específico para empresas de transporte acuático | ||
| 260 | |c 1995 |a [San José , Costa Rica] | ||
| 300 | |a XX, [388] hojas : ilustraciones | ||
| 500 | |a Proyecto de graduación (licenciatura en ingeniería industrial)--Universidad de Costa Rica. Facultad de Ingeniería. Escuela de Ingeniería Industrial | ||
| 650 | |x CALIDAD DEL SERVICIO |x EMPRESAS DE TRANSPORTE - COSTA RICA |9 10586 | ||
| 700 | |9 10585 |a Fernández Valdelomar, Ana Patricia | ||
| 942 | |c TFG | ||
| 999 | |c 19322 |d 19322 | ||
